书目信息 |
| 题名: |
汉语典故词典
|
|
| 作者: | 王慰庭 编 | |
| 分册: | ||
| 出版信息: | 南京 江苏古籍出版社 1985 |
|
| 页数: | 601页 | |
| 开本: | 12cm | |
| 丛书名: | ||
| 单 册: | ||
| 中图分类: | H136.3-61 | |
| 科图分类: | ||
| 主题词: | 汉语--成语--词典 | |
| 电子资源: | ||
| ISBN: | ||
| 000 | 00603nam0 2200217 45 | |
| 001 | 0185012744 | |
| 005 | 20050425161737.5 | |
| 010 | @dCNY1.60 | |
| 100 | @a19951021d1985 em y0chiy0121 ea | |
| 101 | 0 | @achi |
| 102 | @aCN@b320000 | |
| 105 | @ay z 000yy | |
| 200 | 10 | @a汉语典故词典@Ahan yu dian gu ci dian@f王慰庭等编@FWang Wei Ting Deng Bian |
| 210 | @a南京@c江苏古籍出版社@d1985 | |
| 215 | @a601页@d12cm | |
| 606 | 0 | @a汉语@x成语@x词典 |
| 690 | @aH136.3-61@v3 | |
| 701 | 0 | @a王慰庭@4编 |
| 801 | 0 | @aCN@b深圳图书馆@c20050421 |
| 801 | 2 | @aCN@bNLC@c20050421 |
| 905 | @f2@b167276-277@dH136.3-61@e116 | |
| 汉语典故词典/王慰庭等编.-南京:江苏古籍出版社,1985 |
| 601页;12cm |
| ISBN :CNY1.60 |
| ● |
| 相关链接 |
|
|
|
|
正题名:汉语典故词典
索取号:H136.3-61/116
 
预约/预借
| 序号 | 登录号 | 条形码 | 馆藏地/架位号 | 状态 | 备注 |
| 1 | 0167276 | 001560705 | 密集书库/ [索取号:H136.3-61/116] | 在馆 | |
| 2 | 0167277 | 001560652 | 密集书库/ [索取号:H136.3-61/116] | 在馆 | |
| 3 | 0167278 | 000559327 | 第二样本阅览室/ [索取号:H136.3-61/116] | 在馆 |